Việt Nam Phật giáo sử luận T.1

Khái quát lịch sử phật giáo trên thế giới và giáo trình phát triển của đạo phật ở Việt Nam qua các triều đại phong kiến. Tình hình hoạt động của phật giáo ở Việt Nam từ 1945 đến nay và những diễn biến của nó ảnh hưởng đến tình hình chính trị, xã hội, đời sống tinh thần của nhân dân trong từng giai đ...

Descrizione completa

Salvato in:
Dettagli Bibliografici
Autore principale: Nguyễn Lang (Tác giả)
Natura: Libro
Lingua:Vietnamese
Pubblicazione: H. Văn học 1994
Soggetti:
Tags: Aggiungi Tag
Nessun Tag, puoi essere il primo ad aggiungerne! !
Thư viện lưu trữ: Mạng thư viện Đại học Đà Nẵng
LEADER 01588nam a2200373 4500
001 000013752
003 10096
005 20120322100333.0
008 120322s1994 viesd
020 |c 0đ 
041 0 |a vie 
082 |a 294.3  |b NG-L 
100 0 |a Nguyễn Lang 
245 1 0 |a Việt Nam Phật giáo sử luận  |c Nguyễn Lang  |n T.1 
260 |a H.  |b Văn học  |c 1994 
300 |a 567 TR.  |c 21 cm 
520 |a Khái quát lịch sử phật giáo trên thế giới và giáo trình phát triển của đạo phật ở Việt Nam qua các triều đại phong kiến. Tình hình hoạt động của phật giáo ở Việt Nam từ 1945 đến nay và những diễn biến của nó ảnh hưởng đến tình hình chính trị, xã hội, đời sống tinh thần của nhân dân trong từng giai đoạn lịch sử 
653 |a Lịch sử 
653 |a Việt Nam 
653 |a Đạo phật 
700 |a Nguyễn Lang  |e Tác giả 
773 |t Việt Nam Phật giáo sử luận  |w 2214 
773 |t Việt Nam phật giáo sử luận I  |w 10095 
910 |a Nguyễn Thị Lê Na 
OWN |a LSP 
AVA |a UDN50  |b LSP  |d 294.3 NG-L  |e available  |t Error 5001 Not defined in file expand_doc_bib_avail.  |f 1  |g 0  |h N  |i 0  |k 1 
999 |a From the UDN01 
AVA |a UDN50  |b LSP  |d 294.3 NG-L  |e available  |t Error 5001 Not defined in file expand_doc_bib_avail.  |f 1  |g 0  |h N  |i 0  |k 1 
TYP |a Monograph 
TYP |a Printed language 
980 |a Mạng thư viện Đại học Đà Nẵng